Miraculous Ladybug, Les Concepts - Statistiques

Statistiques générales
  • Ce quiz a été pris 243 fois
  • Le résultat moyen est 11 sur 20
Statistiques - réponses
Kwami Concept % Correct
Tikki Création
100%
Plagg Destruction
100%
Trixx Illusion
90%
Wayzz Protection
80%
Mullo Multiplication
57%
Pollen Action
54%
Nooroo Transmission
53%
Daizzi Jubilation
50%
Xuppu Dérision
49%
Duusu Émotion
48%
Fluff Évolution
48%
Longg Perfection
46%
Kaalki Migration
43%
Barkk Adoration
42%
Roarr Exaltation
42%
Stompp Détermination
39%
Liiri Libération
39%
Orikko Prétention
39%
Sass Intuition
38%
Ziggy Passion
36%
Aucun quiz correspondant
Distribution des résultats
% des personnes avec chaque résultat
Percentile par nombre de réponses
Votre historique - résultats
Vous n’avez pas pris ce quiz